Skip to main content
Your cart is empty.
Your lists
Log in to create your own lists
Your cookies
العربية
English
العربية
Home
Search
Advanced search
Authority search
About
The noble scholar, jurist, historian
His Excellency Dr. Abdul Wahhab bin Ibrahim Abu Sulaiman, may Allah have mercy on him.
He was born in Umm Al-Qura in the year 1356 AH.
Library catalog
Title
Author
Subject
ISBN
ISSN
Series
Call number
Log in to your account
×
Login:
Password:
Home
MARC view: الواضح في أصول الفقه /
Normal view
MARC view
ISBD view
الواضح في أصول الفقه / (Record no. 1568)
[
view plain
]
MARC details
000 -LEADER
fixed length control field
01435cam a22003011ia4500
003 - CONTROL NUMBER IDENTIFIER
control field
SA-RiAUC
005 - DATE AND TIME OF LATEST TRANSACTION
control field
20250420092106.0
008 - FIXED-LENGTH DATA ELEMENTS--GENERAL INFORMATION
fixed length control field
241022s1999 le g 00000 ara c
040 ## - CATALOGING SOURCE
Original cataloging agency
QA-DoFIS
Language of cataloging
ara
Transcribing agency
SA-RiAUC.
Description conventions
rda
050 #4 - LIBRARY OF CONGRESS CALL NUMBER
Item number
.A28 1999
050 #4 - LIBRARY OF CONGRESS CALL NUMBER
Item number
A28 1999
082 04 - DEWEY DECIMAL CLASSIFICATION NUMBER
Classification number
251
Assigning agency
SA-RiAUC
090 ## - LOCALLY ASSIGNED LC-TYPE CALL NUMBER (OCLC); LOCAL CALL NUMBER (RLIN)
Classification number (OCLC) (R) ; Classification number, CALL (RLIN) (NR)
251
Local cutter number (OCLC) ; Book number/undivided call number, CALL (RLIN)
أ ب و و
100 1# - MAIN ENTRY--PERSONAL NAME
Personal name
أبو الوفاء البغدادي، علي بن عقيل بن محمد،
Dates associated with a name
431-513 هجري
Relator term
مؤلف.
245 12 - TITLE STATEMENT
Title
الواضح في أصول الفقه /
Statement of responsibility, etc.
أبو الوفاء علي بن عقيل البغدادي الحنبلي ؛ تحقيق عبد الله بن عبد المحسن التركي.
250 ## - EDITION STATEMENT
Edition statement
الطبعة الأولى.
264 #1 - PRODUCTION, PUBLICATION, DISTRIBUTION, MANUFACTURE, AND COPYRIGHT NOTICE
Place of production, publication, distribution, manufacture
بيروت :
Name of producer, publisher, distributor, manufacturer
مؤسسة الرسالة،
Date of production, publication, distribution, manufacture, or copyright notice
1999
300 ## - PHYSICAL DESCRIPTION
Extent
5 مجلد ؛
Dimensions
24 سم
336 ## - CONTENT TYPE
Content type term
نص
Content type code
txt
Source
rdacontent
Materials specified
كتاب
337 ## - MEDIA TYPE
Media type term
بدون وسيط
Media type code
n
Source
rdamedia
338 ## - CARRIER TYPE
Carrier type term
مجلد
Carrier type code
nc
Source
rdacarrier
500 ## - GENERAL NOTE
General note
المكتبة لا يتوافر بها مجلد 4.
650 #7 - SUBJECT ADDED ENTRY--TOPICAL TERM
Topical term or geographic name entry element
أصول الفقه الإسلامي
Source of heading or term
aucsh
700 12 - ADDED ENTRY--PERSONAL NAME
Relationship information
تحقيق لـ (عمل) :
Personal name
أبو الوفاء البغدادي، علي بن عقيل بن محمد،
Dates associated with a name
431-513 هجري.
Title of a work
الواضح في أصول الفقه
700 1# - ADDED ENTRY--PERSONAL NAME
Personal name
التركي، عبد الله بن عبد المحسن،
Dates associated with a name
1359 هجري-
Relator term
محقق.
942 ## - ADDED ENTRY ELEMENTS (KOHA)
Source of classification or shelving scheme
Dewey Decimal Classification
Koha item type
Books
Suppress in OPAC
No
949 ## - LOCAL PROCESSING INFORMATION (OCLC)
a
SA-JeALM
d
241022
u
mohamedma123
n
1
Holdings
Withdrawn status
Lost status
Source of classification or shelving scheme
Damaged status
Not for loan
Home library
Current library
Date acquired
Total checkouts
Full call number
Barcode
Date last seen
Price effective from
Koha item type
Materials specified (bound volume or other part)
Dewey Decimal Classification
DR AbdElwahab Library
DR AbdElwahab Library
10/22/2024
251 ا ب و و
000002260
10/22/2024
10/22/2024
Books
Dewey Decimal Classification
DR AbdElwahab Library
DR AbdElwahab Library
10/24/2024
251 ا ب و و
000002394
10/24/2024
10/24/2024
Books
الجزء الاول
Dewey Decimal Classification
DR AbdElwahab Library
DR AbdElwahab Library
10/24/2024
251 ا ب و و
000002395
10/24/2024
10/24/2024
Books
الجزء الثاني
Dewey Decimal Classification
DR AbdElwahab Library
DR AbdElwahab Library
10/24/2024
251 ا ب و و
000002396
10/24/2024
10/24/2024
Books
الجزء الثاني
Dewey Decimal Classification
DR AbdElwahab Library
DR AbdElwahab Library
10/24/2024
251 ا ب و و
000002397
10/24/2024
10/24/2024
Books
الجزء الرابع
Dewey Decimal Classification
DR AbdElwahab Library
DR AbdElwahab Library
10/24/2024
251 ا ب و و
000002398
10/24/2024
10/24/2024
Books
الجزء الخامس
Dewey Decimal Classification
DR AbdElwahab Library
DR AbdElwahab Library
10/24/2024
251 ا ب و و
000002399
10/24/2024
10/24/2024
Books
الجزء الخامس
Dewey Decimal Classification
DR AbdElwahab Library
DR AbdElwahab Library
04/20/2025
251 ا ب و و
000012138
04/20/2025
04/20/2025
Books
الجزء الاول
Dewey Decimal Classification
DR AbdElwahab Library
DR AbdElwahab Library
04/20/2025
251 ا ب و و
000012139
04/20/2025
04/20/2025
Books
الجزء الثالث
Dewey Decimal Classification
DR AbdElwahab Library
DR AbdElwahab Library
04/20/2025
251 ا ب و و
000012140
04/20/2025
04/20/2025
Books
الجزء الرابع
Place hold
Print
Add to your cart
(remove)
Save record
BIBTEX
Dublin Core
MARCXML
MARC (non-Unicode/MARC-8)
MARC (Unicode/UTF-8)
MARC (Unicode/UTF-8, Standard)
MODS (XML)
RIS
ISBD
More searches
Search for this title in:
Other Libraries (WorldCat)
Other Databases (Google Scholar)
Online Stores (Bookfinder.com)
Open Library (openlibrary.org)
Exporting to Dublin Core...
×
Simple DC-RDF
OAI-DC
SRW-DC